000 01034nac a22002411u 4500
010 _a96030994
020 _a0195113721 (cloth)
020 _a019511373X (pbk.)
082 0 0 _a621.3192
_bB6638
090 _c4295
_d4295
100 _aBobrow, Leonard S.
245 1 0 _aElementary linear circuit analysis /
_cLeonard S. Bobrow.
260 _aNew York :
_bOxford University Press,
_c1987.
300 _a717 p.
_c24 cm.
440 4 _aThe Oxford series in electrical and computer engineering
500 _aOriginally published: 2nd ed. New York : Holt, Rinehart, and Winston, 1987.
500 _aIncludes index.
650 0 _aElectric circuits, Linear.
856 4 2 _3Publisher description
_uhttp://www.loc.gov/catdir/enhancements/fy0604/96030994-d.html
856 4 2 _3Table of contents only
_uhttp://www.loc.gov/catdir/enhancements/fy0604/96030994-t.html
942 _cBB
_k621.3192B6638
999 _c4295
_d4295